Statistics for US cities with biggest population 200 years ago

Click here to take the quiz!

General Stats

  • This quiz has been taken 50 times
  • The average score is 8 of 15

Answer Stats

PopAnswer% Correct
123706New York
100%
63802Philadelphia
96%
43298Boston
96%
13247Washington
75%
62738Baltimore
73%
12067Richmond
69%
11767Providence
69%
12630Albany
58%
24780Charleston
50%
27176New Orleans
46%
12731Salem
27%
8581Portland
27%
19678Northern Liberties
13%
14713Southwark
6%
9642Cincinatti
2%

Score Distribution

Percentile by Number Answered

Percent of People with Each Score

Your Score History

You have not taken this quiz